The queen of the night
| Main Author: | |
|---|---|
| Corporate Author: | |
| Format: | Print Book |
| Language: | English |
| Subito Delivery Service: | Order now. |
| Check availability: | HBZ Gateway |
| WorldCat: | WorldCat |
| Interlibrary Loan: | Interlibrary Loan for the Fachinformationsdienste (Specialized Information Services in Germany) |
| Published: |
London
British Museum Press
2005
|
| In: | Year: 2005 |
| Series/Journal: | British Museum objects in focus
|
| Further subjects: | B
Relief (Art) (England) (London)
B Relief (Art) (Iraq) B Iraq Antiquities |
MARC
| LEADER | 00000cam a2200000 c 4500 | ||
|---|---|---|---|
| 001 | 1620173468 | ||
| 003 | DE-627 | ||
| 005 | 20251225201811.0 | ||
| 007 | tu | ||
| 008 | 051005s2005 xxk||||| 00| ||eng c | ||
| 020 | |a 0714150436 |9 0-7141-5043-6 | ||
| 020 | |a 9780714150437 |9 978-0-7141-5043-7 | ||
| 024 | 3 | |a 9780714150437 | |
| 035 | |a (DE-627)1620173468 | ||
| 035 | |a (DE-576)120730146 | ||
| 035 | |a (DE-599)BSZ120730146 | ||
| 035 | |a (OCoLC)835815812 | ||
| 035 | |a (OCoLC)60668045 | ||
| 035 | |a (AT-OBV)AC04966327 | ||
| 035 | |a (DE-604)BV021489106 | ||
| 040 | |a DE-627 |b ger |c DE-627 |e rakwb | ||
| 041 | |a eng | ||
| 044 | |c XA-GB | ||
| 050 | 0 | |a NB80 | |
| 082 | 0 | |a 731.540935 | |
| 084 | |a 6,22 |2 ssgn | ||
| 084 | |a NG 1510 |2 rvk |0 (DE-625)rvk/125413: | ||
| 084 | |a NG 4010 |2 rvk |0 (DE-625)rvk/125432:13123 | ||
| 100 | 1 | |0 (DE-588)1063291429 |0 (DE-627)810765535 |0 (DE-576)160607140 |4 aut |a Collon, Dominique |d 1940- | |
| 109 | |a Collon, Dominique 1940- |a Collon, Dominique Petronella Margaret 1940- | ||
| 191 | |a 1 | ||
| 245 | 1 | 4 | |a The queen of the night |c Dominique Collon |
| 263 | |a pbk. - : £5.00 : CIP entry (Aug.) | ||
| 264 | 1 | |a London |b British Museum Press |c 2005 | |
| 300 | |a 47 S. |b zahlr. Ill., Kt. |c 21cm | ||
| 336 | |a Text |b txt |2 rdacontent | ||
| 337 | |a ohne Hilfsmittel zu benutzen |b n |2 rdamedia | ||
| 338 | |a Band |b nc |2 rdacarrier | ||
| 490 | 0 | |a British Museum objects in focus | |
| 500 | |a Hier auch später erschienene, unveränderte Nachdrucke | ||
| 583 | 1 | |a Archivierung prüfen |c 20200919 |f DE-640 |z 3 |2 pdager | |
| 583 | 1 | |a Archivierung/Langzeitarchivierung gewährleistet |f SSG |x XA-DE-BW |2 pdager |5 DE-21 | |
| 650 | 0 | |a Relief (Art) |z Iraq | |
| 650 | 0 | |a Relief (Art) |z England |z London | |
| 651 | 0 | |a Iraq |x Antiquities | |
| 710 | 2 | |0 (DE-588)38379-X |0 (DE-627)100875688 |0 (DE-576)190358467 |4 oth |a British Museum | |
| 889 | |w (DE-627)490279546 | ||
| 935 | |a mteo | ||
| 935 | |i mdedup | ||
| 936 | r | v | |a NG 1510 |b Museums- und Ausstellungkataloge |k Geschichte |k Alte Geschichte |k Museums- und Ausstellungkataloge |0 (DE-627)1390853438 |0 (DE-625)rvk/125413: |0 (DE-576)320853438 |
| 936 | r | v | |a NG 4010 |b Kunst und Architektur |k Geschichte |k Alte Geschichte |k Geschichte und Kultur des alten Orients und der Mittelmeervölker (ohne Griechen und Römer) |k Einzelne Reiche und Völker |k Irak (Mesopotamien mit Umland; Sumer, Akkad, Babylon und Assur) |k Kunst und Architektur |0 (DE-627)1399019120 |0 (DE-625)rvk/125432:13123 |0 (DE-576)329019120 |
| 951 | |a BO | ||
| BIB | |a 1 | ||
| ELC | |b 1 | ||
| ITA | |a 1 |t 1 | ||
| LOK | |0 000 xxxxxcx a22 zn 4500 | ||
| LOK | |0 001 3230830946 | ||
| LOK | |0 003 DE-627 | ||
| LOK | |0 004 1620173468 | ||
| LOK | |0 005 20060217171622 | ||
| LOK | |0 008 051005||||||||||||||||ger||||||| | ||
| LOK | |0 040 |a DE-21 |c DE-627 |d DE-21 | ||
| LOK | |0 852 |a DE-21 | ||
| LOK | |0 852 1 |c 16 E 142 |9 00 | ||
| LOK | |0 935 |a theo |a vord | ||
| LOK | |0 936ln |a t16.3 | ||
| LOK | |0 938 |l 17/02/06 |8 6 | ||
| LOK | |0 939 |a 05-10-05 |b l01 | ||
| LOK | |0 000 xxxxxcx a22 zn 4500 | ||
| LOK | |0 001 3230831020 | ||
| LOK | |0 003 DE-627 | ||
| LOK | |0 004 1620173468 | ||
| LOK | |0 005 20080801163632 | ||
| LOK | |0 008 071113||||||||||||||||ger||||||| | ||
| LOK | |0 040 |a DE-21-11 |c DE-627 |d DE-21-11 | ||
| LOK | |0 541 |e A07-013 | ||
| LOK | |0 852 |a DE-21-11 | ||
| LOK | |0 852 1 |c AOR Dc Collo 2 |m p |9 00 | ||
| LOK | |0 935 |a aori |a kneu | ||
| LOK | |0 938 |k p | ||
| LOK | |0 939 |a 13-11-07 |b l01 | ||
| ORI | |a SA-MARC-ixtheoa001.raw | ||
| REL | |a 1 | ||
| SUB | |a BIB |a REL | ||



